000 00715nam a2200277Ia 4500
003 OSt
005 20221006144336.0
006 a|||||r|||| 00| 0
007 ta
008 221006b |||||||| |||| 00| 0 eng d
020 _c
_6.50
024 _a11,461
037 _cTextual
040 _aEASL
_cEASL
_beng
041 _2eng
_aeng
082 _aU5.4195vN56, J8
100 _aENDACOTT G.B
245 0 _aHistory of Hong Kong
260 _aLondon
_bOxford University Press
_c1958
300 _a322p.
_ccm.
490 _v CEL
650 _a CEL
650 _aSocial and economic conditions
_9651692
942 _hU5.4195vN56, J8
_cTEXL
_2CC
999 _c1079547
_d1079547